Statistics for Largest Vehicle Manufacturers Quiz

Click here to take the quiz!

General Stats

  • This quiz has been taken 4 times
  • The average score is 2 of 20

Answer Stats

Rank Company % Correct
1Toyota
75%
5Ford
50%
7Honda
50%
14BMW
25%
13Daimler
0%
19Geely
0%
18Dongfeng Motor
0%
17BAIC
0%
16Mazda
0%
15Changan
0%
11Suzuki
0%
12SAIC
0%
2Volkswagon
0%
10Groupe PSA
0%
9Renault
0%
8FCA
0%
6Nissan
0%
4General Motors (GM)
0%
3Hyundai/Kia
0%
20Great Wall
0%

Score Distribution

Percentile by Number Answered

Percent of People with Each Score

Your Score History

You have not taken this quiz